The meat market : ten stories and a novella /

Bibliographic Details
Main Author: Alama, Masiula, 1966
Other Authors: Nadiya, Shabnam (Translator)
Format: Book
Language:English
Published: Chennai : Eka, an imprint of Westland Books, a division of Nasadiya Technologies Private Limited, 2024.
Subjects:
Classic Catalogue: View this record in Classic Catalogue
LEADER 01720nam a22003375i 4500
001 45430
003 BD-DhAAL
005 20260331162925.0
008 260331t2024 ii 000 0 eng
010 |a  2024359276 
020 |a 9789360459352 
025 |a I-E-2024359276 
035 |a 23830865 
037 |b Library of Congress -- New Delhi Overseas Office 
040 |a DLC  |b eng  |e rda  |c DLC  |d BD-DhAAL 
042 |a lcode 
082 |a 823.095492 
100 1 |a Alama, Masiula,  |d 1966.  |9 60391 
245 0 4 |a The meat market :  |b ten stories and a novella /  |c Mashiul Alam ; translated from the bengali by Shabnam Nadiya. 
260 |a Chennai :  |b Eka, an imprint of Westland Books, a division of Nasadiya Technologies Private Limited,  |c 2024. 
300 |a 251 pages ;  |c 20 cm 
526 8 |a ENH  |x Sabreena Ahmed, PhD Associate Professor Department of English and Humanities Course name and No. : The Modern World ''(HST 102)'' & Comparative Revaluations ''(HST 202)'' 
541 1 |a Book Finder International  |e 45430 
650 0 |a Short stories, Bengali. 
651 0 |a Bangladeshi fiction (English).  |9 60392 
651 0 |a Bangladesh  |v Fiction. 
700 1 |a Nadiya, Shabnam,  |e translator.  |9 28401 
852 1 |a Ayesha Abed Library  |c General Stacks 
942 |2 ddc  |c BK 
999 |c 47743  |d 47743 
952 |0 0  |1 0  |2 ddc  |4 0  |6 823_095492000000000_ALA  |7 0  |9 78834  |a BRACUL  |b BRACUL  |c NEW  |d 2026-03-05  |e Book Finder International   |g 620.00  |l 1  |m 5  |o 823.095492 ALA  |p 3010045430  |q 2026-06-02  |r 2026-04-12  |s 2026-04-12  |t 1  |v 1240.00  |w 2026-03-05  |y BK  |x Requisitioned by Sabreena Ahmed, PhD (Assistant Professor, Department of English and Humanities, BRAC University) for the course named- The Modern World ''(HST 102)'' & Comparative Revaluations ''(HST 202)''